000 01351cam a22003617a 4500
003 CHAP
005 20220329141956.0
008 981030d1998 mx a r 00110 spa d
010 _a76549
011 _a77521
020 _a9709000004
035 _a87129
040 _cCHAP
082 0 4 _a583.47
_bG52
100 0 0 _aGlass, Charles E.
_948254
245 1 0 _aGuía para la identificación de cactáceas amenazadas de México
_c/por Charles E. Glass
260 _aMéxico, D.F. :
_bFideicomiso Fondo para la Biodiversidad,
_c1998.
300 _av. :
_bilus.
500 _aLa biblioteca tiene : v.1
500 _aPublicación bilingue
590 _aBATCH-UPD
_b10
_c20130110
_lUCH01
_h2320
590 _aBATCH-UPD
_b10
_c20130410
_lUCH01
_h1611
590 _aBATCH-UPD
_b10
_c20130914
_lUCH01
_h0805
590 _aCONVERSION
_b10
_c20130109
_lUCH01
_h1342
650 1 4 _aCactáceas
_xMéxico.
_917009
901 _aBK
905 _aAlejandra Carrasco M.
942 _cLIBRO
949 _a583.47 G52
_bBC
_cESP
_d33724000708665
_eESP
_fv.1 c.4
_h94493
_i87129
_sb
_t$480.00
949 _a583.47 G52
_bBC
_cESP
_d33724000708756
_eESP
_fv.1 c.3
_h94492
_i87129
_sb
_t$480.00
949 _a583.47 G52
_bBC
_cESP
_d33724000708764
_eESP
_fv.1 c.2
_gI.193819
_h94491
_i87129
_sb
_t$480.00
949 _a583.47 G52
_bBC
_cESP
_d33724000708772
_eESP
_fv.1
_gI.193820
_h94490
_i87129
_sb
_t$480.00
999 _c76549
_d76549